000 01510nam a2200373 i 4500
001 19705
003 FINmELB
005 20241216213803.0
006 m o u
007 cr cn|||||||||
008 240621s2024 sp ob 000 0 spa d
035 _a(OCoLC)1441736090
040 _aFINmELB
_bspa
_erda
_cFINmELB
050 1 4 _aLC225
_bG158 2024
080 _a316.356.2:37.07
082 0 4 _a371.192
_223
100 1 _aGalián, Begoña,
_eautor.
245 1 0 _aTeoría y práctica de la participación familiar en los centros educativos :
_borientaciones para la formación docente /
_cBegoña Galián, María Ángeles Hernández-Prados.
264 1 _aMadrid :
_bDykinson,
_c2024.
300 _a1 recurso en línea (201 páginas)
336 _atexto
_btxt
_2rdamedia/spa
337 _acomputadora
_bc
_2rdamedia/spa
338 _arecurso en línea
_bcr
_2rdacarrier/spa
504 _aContiene bibliografía.
588 _aDescripción basada en metadatos suministrados por el editor y otras fuentes.
590 _aRecurso electrónico. Santa Fe, Arg.: elibro, 2024. Disponible vía World Wide Web. El acceso puede estar limitado para las bibliotecas afiliadas a elibro.
650 4 _aFamilia y enseñanza.
650 4 _aEducación
_xAspectos sociales.
650 4 _aRelaciones padres-profesores.
655 4 _aLibros electrónicos.
700 1 _aHernández-Prados, María Ángeles,
_eautor.
797 2 _aelibro, Corp.
856 4 0 _uhttps://elibro.net/ereader/politecnicointernacional/261595
999 _c19705
_d19705